[Event "London Classic rapid op 6th"]
[Site "London"]
[Date "2014.12.07"]
[Round "7"]
[White "Kramnik, Vladimir"]
[Black "Fodor, Tamas Jr"]
[Result "1-0"]
[WhiteElo "2760"]
[BlackElo "2502"]
[PlyCount "119"]
[EventDate "2014.12.06"]
[EventType "swiss (rapid)"]
[EventRounds "10"]
[EventCountry "ENG"]
[SourceTitle "CBM 163 Extra"]
[Source "ChessBase"]
[SourceDate "2014.12.23"]
[SourceVersion "1"]
[SourceVersionDate "2014.12.23"]
[SourceQuality "1"]

1. Nf3 d5 2. g3 c6 3. Bg2 Bg4 4. d3 Nd7 5. O-O e6 6. h3 Bh5 7. e4 ({RR} 7. Nc3 Ngf6 8. e4 Ne5 9. g4 Nxf3+ 10. Qxf3 dxe4 11. dxe4 Bg6 12. Be3 Bb4 13. Bg5 Be7 14. Rad1 Qc7 15. Qe3 h6 16. Bf4 e5 17. Bg3 Nd7 18. Kh1 Nf8 19. Ne2 Ne6 20. f4 exf4 21. Nxf4 Nxf4 {Takano,N (2172)-Cezar,R (1809) Florianopolis BRA 2024 1-0 (37)}) 7... Be7 $146 ({RR} 7... Bd6 8. exd5 cxd5 9. c4 Ne7 10. Nc3 O-O 11. cxd5 exd5 12. Re1 Rc8 13. d4 h6 14. Qb3 Nb6 15. Ne5 Nc6 16. g4 Bxe5 17. dxe5 Bg6 18. Be3 d4 19. Rad1 d3 20. Nb5 Na5 21. Qb4 Nd5 22. Qd4 {Kramnik,V (2769)-Adams,M (2745) London 2014 0-1 (37)}) ({RR} 7... Bd6 8. Nc3 Ne7 9. Be3 O-O 10. Ne2 e5 11. g4 Bg6 12. Nh4 Bc5 13. Nxg6 hxg6 14. Bxc5 Nxc5 15. exd5 Nxd5 16. d4 exd4 17. Qxd4 Ne6 18. Qa4 Qf6 19. Qb3 b6 20. Rad1 Ndf4 21. Nxf4 Nxf4 22. Qf3 {Dunnington,A (2280)-Arkell,K (2430) London 1988 ½-½ (82)}) 8. Qe1 dxe4 9. dxe4 e5 10. Nbd2 Ngf6 11. Nh4 O-O 12. Nc4 b5 13. Na5 Rc8 14. Nf5 Re8 15. Bg5 Bf8 16. Nb3 Qc7 17. a4 a6 18. Kh1 Rb8 19. axb5 axb5 20. g4 Bg6 21. Rd1 c5 22. Nc1 Re6 23. Ne2 b4 24. f4 Rbe8 25. Nxg7 Bxg7 26. f5 Ra6 27. Qh4 Qc6 28. Bc1 Nf8 29. Qf2 c4 30. fxg6 fxg6 31. Ng3 Qe6 32. g5 N6d7 33. Kh2 Qe7 34. h4 Ne6 35. Qe2 Rc6 36. Nf5 Qd8 37. Qg4 Rf8 38. Nd6 Qe7 39. Nf5 Qe8 40. Be3 Ndc5 41. Rd5 c3 42. bxc3 bxc3 43. Nxg7 Kxg7 44. Qg3 Nd7 45. Rfd1 Rf7 46. Bh3 Nef8 47. h5 gxh5 48. Bf5 Re7 49. Qh3 Nb6 50. Rd8 Qf7 51. Rf1 Nc4 52. Bc8 Qg8 53. Rdxf8 Qxf8 54. Rxf8 Kxf8 55. Bd7 Rc7 56. Bf5 Nxe3 57. Qxe3 Rc6 58. Qd3 Kg7 59. Qd8 Rcc7 60. Qd6 1-0

[Event "London Classic rapid op 6th"]
[Site "London"]
[Date "2014.12.07"]
[Round "7"]
[White "Nakamura, Hikaru"]
[Black "Adams, Michael"]
[Result "1-0"]
[WhiteElo "2767"]
[BlackElo "2745"]
[PlyCount "61"]
[EventDate "2014.12.06"]
[EventType "swiss (rapid)"]
[EventRounds "10"]
[EventCountry "ENG"]
[SourceTitle "CBM 163 Extra"]
[Source "ChessBase"]
[SourceDate "2014.12.23"]
[SourceVersion "1"]
[SourceVersionDate "2014.12.23"]
[SourceQuality "1"]

1. Nf3 d5 2. g3 c6 3. Bg2 Bg4 4. O-O Nf6 5. d3 e6 6. h3 Bh5 7. Nbd2 Be7 8. g4 ({RR} 8. c4 O-O 9. b3 a5 10. a3 Nbd7 11. Bb2 Qb6 12. Qc2 Rfd8 13. Bc3 h6 14. b4 axb4 15. axb4 dxc4 16. Nxc4 Qc7 17. g4 Bg6 18. e4 Bh7 19. Rfc1 Ne8 20. Nfe5 Rxa1 21. Rxa1 b5 22. Nxd7 bxc4 {Shoker,S (2446)-Silva,C (2197) Florianopolis BRA 2025 ½-½ (32)}) 8... Bg6 9. Nh4 a5 $146 ({RR} 9... Nbd7 10. e3 O-O 11. Qe2 Ne8 12. Nxg6 fxg6 13. c4 Nc7 14. b3 Bd6 15. Bb2 Qe7 16. a3 Rad8 17. b4 c5 18. bxc5 Nxc5 19. a4 Qd7 20. a5 Na4 21. Rfb1 b6 22. Nf3 dxc4 23. dxc4 Nxb2 24. Qxb2 {Berkes,F (2685)-Farago,I (2486) Hungary 2012 1-0 (92)}) ({RR} 9... Nbd7 10. e3 Bd6 11. f4 Ng8 12. Qe1 Ne7 13. e4 dxe4 14. f5 exf5 15. gxf5 Bh5 16. Nxe4 Nf6 17. Nxd6+ Qxd6 18. Bf4 Qd7 19. Qg3 O-O-O 20. Be5 Ne8 21. Qf2 f6 22. Bg3 Qd4 23. Rae1 Qxf2+ 24. Bxf2 {Nakamura,H (2760)-Morozevich,A (2748) Beijing 2012 1-0 (53)}) ({RR} 9... Nbd7 10. e3 Nf8 11. f4 N6d7 12. Nxg6 Nxg6 13. Nf3 Qb6 14. a4 a5 15. Kh1 O-O 16. Qe1 f5 17. g5 e5 18. h4 Bd6 19. h5 Ne7 20. d4 e4 21. Ng1 Qc7 22. Bd2 b5 23. Rf2 {½-½ (23) Benkovic,P (2434)-Farago,I (2462) Budapest 2014}) 10. e3 Na6 11. a3 Nd7 12. Nxg6 fxg6 13. d4 O-O 14. c4 Nc7 15. b3 Bf6 16. Bb2 Kh8 17. Qc2 Rc8 18. b4 e5 19. dxe5 Bxe5 20. bxa5 Na6 21. Bxe5 Nxe5 22. cxd5 cxd5 23. Qb2 Nd3 24. Qxb7 Nac5 25. Qxd5 Qxa5 26. Nb3 Qc3 27. Nxc5 Rxc5 28. Qd6 Rcc8 29. a4 Qc2 30. Be4 Rxf2 31. Bxd3 1-0

[Event "London Classic Elite blitz 6th"]
[Site "London"]
[Date "2014.12.08"]
[Round "5"]
[White "Kramnik, Vladimir"]
[Black "Anand, Viswanathan"]
[Result "1-0"]
[WhiteElo "2769"]
[BlackElo "2793"]
[PlyCount "82"]
[EventDate "2014.12.08"]
[EventType "tourn (blitz)"]
[EventRounds "10"]
[EventCountry "ENG"]
[EventCategory "22"]
[SourceTitle "EXT 2016"]
[Source "ChessBase"]
[SourceDate "2015.10.08"]
[SourceVersion "1"]
[SourceVersionDate "2015.10.08"]
[SourceQuality "1"]

1. Nf3 d5 2. g3 Nf6 3. Bg2 c6 4. d3 Bg4 5. O-O Nbd7 6. Qe1 e6 ({RR} 6... Bxf3 7. Bxf3 Qc7 8. e4 dxe4 9. dxe4 h5 10. Nd2 e6 11. Nc4 Ne5 12. Nxe5 Qxe5 13. Bf4 Qc5 14. Qe2 h4 15. b4 Qb6 16. Rab1 Nd7 17. Rfd1 Be7 18. b5 c5 19. a4 g5 20. Bd2 Ne5 21. Bh5 {Mamedyarov,S (2735)-Volkov,S (2589) Kocaeli 2015 1-0 (49)}) 7. h3 ({RR} 7. e4 Bxf3 8. Bxf3 Qc7 9. Nc3 d4 10. Ne2 e5 11. Bg2 c5 12. f4 Bd6 13. fxe5 Nxe5 14. Rxf6 gxf6 15. Nf4 O-O-O 16. Nd5 Qc6 17. Qf1 h5 18. Qxf6 h4 19. Bf4 Ng6 20. Qxf7 Bxf4 21. gxf4 Rhf8 {Golubev,M (2461)-Kiseleva,A (1962) chess.com INT 2023 1-0 (34)}) 7... Bxf3 $146 ({RR} 7... Bh5 8. e4 dxe4 9. dxe4 Bc5 10. Nbd2 Qc7 11. a3 Qxg3 12. b4 Bb6 13. e5 Nd5 14. Kh1 Qg6 15. Ne4 O-O 16. Nh4 {1-0 (16) Movsesian,S (2624)-Gramlich,S (2064) Playchess.com INT 2005}) ({RR} 7... Bh5 8. e4 dxe4 9. dxe4 Be7 10. Nbd2 e5 11. a4 O-O 12. Nc4 Qc7 13. Nh4 Rfe8 14. Bd2 Nc5 15. Bc3 Nfd7 16. Nf5 Bf8 17. b4 Ne6 18. f3 f6 19. Rd1 Nb6 20. Nb2 Rad8 21. a5 Nc8 22. Rf2 {Martynov,P (2380)-Percivaldi,M (2260) Stockholm 2016 1-0 (66)}) 8. Bxf3 h5 9. Bg2 Qc7 10. e4 dxe4 11. dxe4 Bd6 12. f4 e5 13. Nd2 h4 14. Nc4 Bc5+ 15. Be3 Bxe3+ 16. Qxe3 hxg3 17. fxe5 Nxe5 18. Qxg3 Nfd7 19. Rad1 O-O-O 20. Nd6+ Kb8 21. Nxf7 Nxf7 22. Qxc7+ Kxc7 23. Rxf7 Kc8 24. Rxg7 Ne5 25. Rxd8+ Rxd8 26. h4 Rh8 27. Rg5 Nf7 28. Rf5 Nd6 29. Rf4 Nc4 30. b3 Ne3 31. Kf2 Nxc2 32. e5 Kd7 33. Bh3+ Ke8 34. Bc8 b6 35. Bf5 Na3 36. h5 Ke7 37. Bg6 Ke6 38. Rf6+ Kxe5 39. Rxc6 Nb5 40. Kg3 Nd6 41. Kg4 Kd5 1-0

[Event "Beijing Sportaccord rap (Women)"]
[Site "Beijing"]
[Date "2014.12.11"]
[Round "1"]
[White "Zhao, Xue"]
[Black "Kosteniuk, Alexandra"]
[Result "1-0"]
[WhiteElo "2514"]
[BlackElo "2541"]
[PlyCount "115"]
[EventDate "2014.12.11"]
[EventType "swiss (rapid)"]
[EventRounds "7"]
[EventCountry "CHN"]
[SourceTitle "CBM 163 Extra"]
[Source "ChessBase"]
[SourceDate "2014.12.23"]
[SourceVersion "1"]
[SourceVersionDate "2014.12.23"]
[SourceQuality "1"]

1. Nf3 d5 2. g3 c6 3. Bg2 Bf5 4. d3 Nf6 5. Nbd2 e6 6. Nh4 Bg4 7. h3 Bh5 8. g4 Bg6 9. e3 $146 ({RR} 9. c4 Be7 10. Nxg6 hxg6 11. Qb3 Qb6 12. Qxb6 axb6 13. e4 dxe4 14. g5 Nfd7 15. Nxe4 Na6 16. a3 Nb4 17. Ke2 Nc2 18. Rb1 Nd4+ 19. Kd2 Nb3+ 20. Kc2 Nd4+ {½-½ (20) Zhelesny,S (2079)-Bauner,J (1973) Yerevan 2016}) ({RR} 9. a3 Bc5 10. e3 Bb6 11. Nxg6 hxg6 12. d4 Nbd7 13. b3 Qc7 14. Bb2 c5 15. c4 cxd4 16. exd4 Qf4 17. Qf3 Bc7 18. Qd3 O-O 19. Qe3 b6 20. O-O-O Rac8 21. Kb1 Qxe3 22. fxe3 Bd6 23. g5 dxc4 {Guerreiro,N (2132)-Amoes,F (1915) Sintra 2013 ½-½ (40)}) 9... Nfd7 10. Nxg6 hxg6 11. d4 e5 12. O-O e4 13. f3 exf3 14. Qxf3 Qf6 15. Qe2 Qe6 16. e4 Be7 17. Qd3 O-O 18. exd5 cxd5 19. Nf3 Qb6 20. Qb3 Qc7 21. Qxd5 Nf6 22. Qb3 Nc6 23. c3 Bd6 24. Bd2 Rae8 25. Rae1 Bg3 26. Rxe8 Rxe8 27. Qd1 Ne4 28. Bc1 Na5 29. Qd3 Nf6 30. b3 Nc6 31. Bd2 Ne4 32. Be1 Bf4 33. Ne5 Nc5 34. Qf3 Bxe5 35. dxc5 g5 36. Bd2 Bf6 37. b4 Rd8 38. Be1 Be5 39. Bf2 Bf4 40. Rd1 Rxd1+ 41. Qxd1 Qe5 42. Qe1 Qb8 43. Bd5 Ne5 44. Qe4 Qd8 45. Kg2 Ng6 46. c4 Qf6 47. Qe8+ Nf8 48. b5 Bc7 49. b6 axb6 50. cxb6 Bd6 51. c5 Be5 52. Bxf7+ Qxf7 53. Qxe5 Ng6 54. Qxg5 Nf4+ 55. Kh2 Nd5 56. Qf5 Nf6 57. g5 Qh5 58. Qe6+ 1-0

[Event "Beijing Sportaccord rap (Women)"]
[Site "Beijing"]
[Date "2014.12.12"]
[Round "5"]
[White "Ju, Wenjun"]
[Black "Khotenashvili, Bela"]
[Result "1-0"]
[WhiteElo "2568"]
[BlackElo "2504"]
[PlyCount "91"]
[EventDate "2014.12.11"]
[EventType "swiss (rapid)"]
[EventRounds "7"]
[EventCountry "CHN"]
[SourceTitle "CBM 163 Extra"]
[Source "ChessBase"]
[SourceDate "2014.12.23"]
[SourceVersion "1"]
[SourceVersionDate "2014.12.23"]
[SourceQuality "1"]

1. Nf3 d5 2. g3 Bg4 3. Bg2 Nd7 4. O-O e6 5. d3 Bd6 6. e4 Ne7 7. h3 Bh5 8. Nbd2 O-O 9. Qe1 c6 10. Nh4 Qc7 ({RR} 10... Ng6 11. Nxg6 Bxg6 12. f4 Qb6+ 13. Kh1 Rae8 14. Nf3 f6 15. Nh4 Bh5 16. g4 Bf7 17. Qg3 Qc7 18. Qf2 g5 19. e5 fxe5 20. fxg5 e4 21. Qe2 Bg3 22. g6 hxg6 23. Bg5 Qe5 24. Qe3 d4 25. Qc1 {Karjakin,S (2767)-Aronian,L (2813) Stavanger 2013 ½-½ (98)}) ({RR} 10... Ng6 11. Nxg6 Bxg6 12. Qe2 a5 13. f4 Re8 14. Kh1 f6 15. a4 Bf7 16. Nb3 Qe7 17. Be3 e5 18. Nd2 d4 19. Bg1 b5 20. c3 dxc3 21. bxc3 bxa4 22. Rxa4 Nc5 23. Bxc5 Bxc5 24. d4 exd4 25. cxd4 {Xiong,J (2659)-Kevlishvili,R (2531) chess.com INT 2024 0-1}) 11. f4 f6 12. Nhf3 Rae8 $146 ({RR} 12... c5 13. Rf2 Nc6 14. Nf1 Bf7 15. Ne3 Rfe8 16. h4 b5 17. Bd2 a5 18. Qf1 a4 19. exd5 exd5 20. Nf5 Bf8 21. g4 Nb6 22. Bh3 d4 23. Qg2 Nd5 24. g5 Kh8 25. gxf6 g6 26. Ng7 Ne3 27. Qg5 {Akhmetov,A-Stripunsky,A (2495) Orel 1996 1-0 (40)}) ({RR} 12... Bf7 13. Kh1 {½-½ (13) Berkes,F (2687)-Shanava,K (2563) Denizli 2013}) 13. b3 e5 14. f5 Nxf5 15. exf5 e4 16. dxe4 Bxg3 17. Qe3 Bf4 18. Qc3 dxe4 19. Nd4 e3 20. Ne4 Bh2+ 21. Kh1 e2 22. Re1 Be5 23. Bb2 c5 24. Qc4+ Bf7 25. Ne6 Bxb2 26. Nxc7 Bxc4 27. Nxe8 Bxa1 28. N8d6 Bd4 29. Nxc4 g6 30. Rxe2 gxf5 31. Ned6 Ne5 32. Nxf5 b5 33. Nxd4 bxc4 34. Ne6 Rb8 35. Nxc5 Rd8 36. Kh2 Rd1 37. Ne4 Kg7 38. Rd2 Rc1 39. Rf2 cxb3 40. axb3 Nd7 41. c4 h5 42. Ra2 Ne5 43. Rxa7+ Kg6 44. Ra6 Rc2 45. Rxf6+ Kg7 46. Rf2 1-0

[Event "Beijing Sportaccord blitz"]
[Site "Beijing"]
[Date "2014.12.13"]
[Round "6"]
[White "Harikrishna, Pentala"]
[Black "Wang, Yue"]
[Result "1-0"]
[WhiteElo "2727"]
[BlackElo "2720"]
[PlyCount "77"]
[EventDate "2014.12.13"]
[EventType "tourn (blitz)"]
[EventRounds "30"]
[EventCountry "CHN"]
[EventCategory "20"]
[SourceTitle "CBM 163 Extra"]
[Source "ChessBase"]
[SourceDate "2014.12.23"]
[SourceVersion "1"]
[SourceVersionDate "2014.12.23"]
[SourceQuality "1"]

1. e4 c5 2. Nf3 e6 3. g3 Nc6 4. Bg2 Nf6 5. d3 Be7 6. O-O O-O 7. Nc3 ({RR} 7. c4 d6 8. Nc3 a6 9. d4 e5 10. dxc5 dxc5 11. Qxd8 Bxd8 12. Be3 b6 13. Ne1 Be6 14. b3 Nd7 15. f4 f6 16. Nd3 Be7 17. h4 Bd6 18. Rac1 Nd4 19. Kh2 Rab8 20. Bh3 Bxh3 21. Kxh3 exf4 {Oleksienko,M (2618)-Wojtaszek,R (2724) Lublin 2014 1-0 (42)}) 7... d5 8. Bd2 $146 ({RR} 8. h3 d4 9. Ne2 e5 10. Nh2 Ne8 11. f4 f6 12. f5 b5 13. g4 Bd7 14. Nf3 c4 15. h4 cxd3 16. cxd3 h6 17. Kf2 Rc8 18. a3 b4 19. Rh1 Nd6 20. axb4 Nf7 21. b5 Nb4 22. Rxa7 Bxb5 {Dalnodar,B-Menezes,C Mureck 2007 ½-½}) ({RR} 8. e5 Nd7 9. Re1 Qc7 10. Bf4 Qa5 11. Bh3 b5 12. Nb1 Bb7 13. Nbd2 c4 14. d4 Nb6 15. Nf1 Na4 16. Bc1 b4 17. Ne3 Qb6 18. Ng2 a5 19. Nf4 Bc8 20. Nh5 Bd8 21. Rb1 Qa7 22. c3 Nb6 {Lux,W (1992)-Birth,D (1967) Bayern 2018 ½-½ (64)}) 8... b6 9. Re1 d4 10. Nb5 e5 11. a4 a6 12. Na3 Rb8 13. Nc4 Nd7 14. Bh3 Qc7 15. c3 b5 16. Na3 c4 17. axb5 axb5 18. dxc4 Bxa3 19. Rxa3 bxc4 20. cxd4 Rxb2 21. Qc1 Rb7 22. Qxc4 Nb6 23. Qf1 Bxh3 24. Qxh3 Nc4 25. Rd3 Nxd2 26. Rxd2 exd4 27. Rc1 Qb6 28. Qf5 h6 29. Qd5 Rc7 30. Qc5 Qb7 31. Kg2 Rfc8 32. Rdc2 d3 33. Rc3 d2 34. Nxd2 Qb2 35. R3c2 Qb7 36. Qd5 Qb6 37. Nc4 Qb4 38. Nd6 Ne7 39. Qxf7+ 1-0

[Event "Beijing Sportaccord blitz"]
[Site "Beijing"]
[Date "2014.12.13"]
[Round "13"]
[White "Nepomniachtchi, Ian"]
[Black "Bacrot, Etienne"]
[Result "1-0"]
[WhiteElo "2714"]
[BlackElo "2718"]
[PlyCount "94"]
[EventDate "2014.12.13"]
[EventType "tourn (blitz)"]
[EventRounds "30"]
[EventCountry "CHN"]
[EventCategory "20"]
[SourceTitle "CBM 163 Extra"]
[Source "ChessBase"]
[SourceDate "2014.12.23"]
[SourceVersion "1"]
[SourceVersionDate "2014.12.23"]
[SourceQuality "1"]

1. Nf3 d5 2. g3 g6 3. Bg2 Bg7 4. O-O e5 5. d3 Ne7 6. Nbd2 O-O 7. e4 Nbc6 8. exd5 Nxd5 9. Nc4 h6 10. Re1 Re8 11. c3 ({RR} 11. a4 Nb6 12. Ncd2 a5 13. h4 Kh7 14. Qe2 Bg4 15. Ng5+ hxg5 16. Qxg4 gxh4 17. gxh4 Nd4 18. h5 Nxc2 19. hxg6+ fxg6 20. Rd1 Nxa1 21. Be4 Qf6 22. Kg2 Rh8 23. Nf3 Raf8 24. Bg5 Qd6 25. Rxa1 Nd5 {Artemiev,V (2746)-So,W (2767) Chess.com INT 2019 ½-½ (43)}) 11... Nb6 12. Ne3 $146 ({RR} 12. Nxb6 axb6 13. Be3 Bg4 14. h3 Bf5 15. Qd2 Qxd3 16. Bxh6 Qxd2 17. Bxd2 Be6 18. b3 Red8 19. Bg5 Rd3 20. Re3 Rxe3 21. Bxe3 Bxb3 22. a3 Bf8 23. Bc1 Rd8 24. Nd2 Bd5 25. Bf1 f5 26. Be2 Bg7 {Merkesvik,S (2057)-Louis,T (2249) Helsingor 2014 0-1 (47)}) 12... Be6 13. Qc2 Qd7 14. a4 a5 15. Bd2 Rad8 16. Bf1 Bh3 17. Bxh3 Qxh3 18. Rad1 Kh8 19. Bc1 f5 20. Ng2 g5 21. Nd2 e4 22. d4 Nd5 23. Nf1 Nce7 24. Qe2 Ng6 25. f3 Re7 26. fxe4 Rxe4 27. Qf2 Rde8 28. Rxe4 Rxe4 29. Re1 Nf6 30. Rxe4 Nxe4 31. Qf3 Nh4 32. Nxh4 gxh4 33. Bf4 c6 34. Qg2 Qxg2+ 35. Kxg2 hxg3 36. Nxg3 Nxg3 37. Kxg3 b5 38. axb5 cxb5 39. Bc7 a4 40. Kf4 Kg8 41. Kxf5 Kf7 42. Be5 Bf8 43. d5 Bc5 44. h4 Ke7 45. h5 Be3 46. Bf4 Bxf4 47. Kxf4 Kd6 1-0

[Event "Beijing Sportaccord blitz"]
[Site "Beijing"]
[Date "2014.12.13"]
[Round "13"]
[White "Wang, Yue"]
[Black "Dominguez Perez, Leinier"]
[Result "1-0"]
[WhiteElo "2720"]
[BlackElo "2726"]
[PlyCount "105"]
[EventDate "2014.12.13"]
[EventType "tourn (blitz)"]
[EventRounds "30"]
[EventCountry "CHN"]
[EventCategory "20"]
[SourceTitle "CBM 163 Extra"]
[Source "ChessBase"]
[SourceDate "2014.12.23"]
[SourceVersion "1"]
[SourceVersionDate "2014.12.23"]
[SourceQuality "1"]

1. Nf3 {ChessBase II} c5 2. g3 Nc6 3. Bg2 g6 4. O-O Bg7 5. c3 e5 6. e4 Nge7 7. d3 O-O 8. a3 a5 9. a4 d6 10. Na3 h6 11. Nd2 f5 12. Ndc4 Be6 13. Nb5 Nc8 ({RR} 13... d5) 14. exf5 ({RR} 14. Bh3 d5 15. exd5 Bxd5 16. Re1 Nb6 17. Ncd6 Rf6 18. c4 Be6 19. Bg2 Qe7 20. Be3 Nd7 21. Nxb7 Bf7 22. Qd2 Kh7 23. Nc7 Ndb8 24. Nd5 Qxb7 25. Nxf6+ Bxf6 26. Bxc5 Nd7 27. Be3 Rc8 28. Bxh6 f4 {Nigmatov,O (2505)-Lie,K (2489) chess.com INT 2025 1-0 (70)}) 14... gxf5 15. f4 e4 16. Ne3 d5 $146 ({RR} 16... exd3 17. Qxd3 c4 18. Nxc4 d5 19. Ne5 N8e7 20. Re1 Bc8 21. Nf3 Ra6 22. Be3 d4 23. Nfxd4 Kh7 24. Rad1 Nd5 25. Bxd5 Qxd5 26. Nc7 {1-0 (26) Rene,B (2252)-Naudier,S (2323) France 2004 EXT 2005 [ChessBase II]}) 17. dxe4 dxe4 18. Qxd8 Nxd8 19. Nc7 Rb8 20. Nxe6 Nxe6 21. Rd1 Ne7 22. Bf1 Rfd8 23. Bc4 Kf7 24. Bd2 Kf6 25. Be1 h5 26. Kf1 Bh6 27. Rxd8 Rxd8 28. Ra3 b6 29. Rb3 Rd6 30. Ke2 Nc7 31. Kf1 Ne6 32. Be2 Nc8 33. Bxh5 Rd3 34. Kf2 Nxf4 35. gxf4 Bxf4 36. Nc4 Rh3 37. Be8 Rxh2+ 38. Kg1 Rc2 39. Bd7 Ne7 40. Bh4+ Kf7 41. Bxe7 Kxe7 42. Bxf5 Rc1+ 43. Kf2 Rc2+ 44. Kf1 Rc1+ 45. Kg2 Rc2+ 46. Kh3 e3 47. Rxb6 Rh2+ 48. Kg4 Bc7 49. Re6+ Kf7 50. Rxe3 Rg2+ 51. Kf3 Rh2 52. Ke4 Kf6 53. Rf3 1-0

[Event "Beijing Sportaccord blitz"]
[Site "Beijing"]
[Date "2014.12.13"]
[Round "16"]
[White "Radjabov, Teimour"]
[Black "Ponomariov, Ruslan"]
[Result "1-0"]
[WhiteElo "2734"]
[BlackElo "2714"]
[PlyCount "55"]
[EventDate "2014.12.13"]
[EventType "tourn (blitz)"]
[EventRounds "30"]
[EventCountry "CHN"]
[EventCategory "20"]
[SourceTitle "CBM 163 Extra"]
[Source "ChessBase"]
[SourceDate "2014.12.23"]
[SourceVersion "1"]
[SourceVersionDate "2014.12.23"]
[SourceQuality "1"]

1. Nf3 d6 2. e4 g6 3. g3 Nf6 4. d3 Bg7 5. Bg2 O-O 6. O-O c5 7. Re1 Nc6 8. c3 Bg4 9. Nbd2 Rb8 ({RR} 9... b5 10. h3 Bd7 11. d4 e5 12. dxc5 dxc5 13. Nb3 Qc8 14. Kh2 c4 15. Nc5 Rd8 16. Qe2 Be8 17. b3 cxb3 18. axb3 a5 19. Be3 Bf8 20. Rec1 Nd7 21. Nd3 Qc7 22. Nd2 {½-½ (22) Hickl,J (2562)-Hracek,Z (2578) Germany 2003}) ({RR} 9... Ne5 10. h3 Nxd3 11. hxg4 Nxe1 12. Nxe1 Qd7 13. g5 Ng4 14. Qe2 Ne5 15. f4 Qg4 16. Qf2 Nc6 17. Nf1 f6 18. Ne3 Qd7 19. gxf6 Rxf6 20. Nd5 Rff8 21. Kh2 e6 22. Bh3 Rac8 23. Nf3 Qe8 24. Ne3 {Martinez Reyes,P (2342)-Yagnyatinskiy,M chess.com INT 2024 1-0 (38)}) 10. h3 Bd7 $146 ({RR} 10... Bxf3 11. Nxf3 Nd7 12. Bf4 b5 13. Qd2 Re8 14. Bh6 Bh8 15. Ng5 e6 16. h4 b4 17. h5 bxc3 18. bxc3 Nde5 19. hxg6 hxg6 20. Nh3 Qa5 21. Rec1 Qa3 22. Rc2 Rb6 23. Qe2 Reb8 24. Bf1 Nd7 25. Rac1 {Diaz Suarez,C (1848)-Uta,A (2053) Las Palmas 2013 0-1 (52)}) ({RR} 10... Bxf3 11. Nxf3 e5 12. d4 cxd4 13. cxd4 Re8 14. d5 Ne7 15. Qd3 Nd7 16. Be3 b6 17. b4 h6 18. g4 f5 19. gxf5 gxf5 20. exf5 Nf6 21. Nh4 Qd7 22. Be4 Rbc8 23. Kh2 Kh7 24. Rg1 Qa4 25. Rg6 {Sroczynski,M (2271)-Chor,K (1944) chess.com INT 2023 0-1}) 11. d4 b5 12. e5 Ne8 13. exd6 exd6 14. dxc5 dxc5 15. Ne4 c4 16. Bf4 Rc8 17. Nc5 Nf6 18. Bg5 Nb8 19. Ne4 Qb6 20. Nxf6+ Bxf6 21. Qd2 Rfe8 22. Be3 Qa6 23. Bd4 Kg7 24. Ne5 Re7 25. Ng4 Bxg4 26. Rxe7 Bf5 27. Rae1 Nd7 28. Rxd7 1-0

[Event "Beijing Sportaccord blitz"]
[Site "Beijing"]
[Date "2014.12.13"]
[Round "16"]
[White "Vachier Lagrave, Maxime"]
[Black "Bacrot, Etienne"]
[Result "1-0"]
[WhiteElo "2758"]
[BlackElo "2718"]
[PlyCount "87"]
[EventDate "2014.12.13"]
[EventType "tourn (blitz)"]
[EventRounds "30"]
[EventCountry "CHN"]
[EventCategory "20"]
[SourceTitle "CBM 163 Extra"]
[Source "ChessBase"]
[SourceDate "2014.12.23"]
[SourceVersion "1"]
[SourceVersionDate "2014.12.23"]
[SourceQuality "1"]

1. Nf3 d5 2. g3 g6 3. Bg2 Bg7 4. O-O e5 5. d3 Ne7 6. e4 O-O 7. exd5 Nxd5 8. Nc3 Ne7 ({RR} 8... Nxc3 9. bxc3 Nc6 10. Bg5 f6 11. Be3 f5 12. Qb1 h6 13. Qb3+ Kh7 14. Rae1 Qf6 15. d4 e4 16. Nd2 b6 17. f3 exf3 18. Nxf3 Ba6 19. Rf2 Rad8 20. Bg5 hxg5 21. Re6 g4 22. Rxc6 Rd6 23. Ne5 {Neverov,V (2426)-Liu,Z (2335) Budapest HUN 2025 0-1 (50)}) 9. Re1 ({RR} 9. a4 Nbc6 10. a5 Rb8 11. Nd2 b6 12. axb6 cxb6 13. Re1 Bb7 14. Nc4 a6 15. Ne4 Nf5 16. c3 h6 17. b3 Qc7 18. Ba3 Rfd8 19. Qe2 b5 20. Ne3 Nxe3 21. fxe3 Ne7 22. Bb4 Bxe4 23. Ba5 Qd7 {Vachier Lagrave,M (2723)-Caruana,F (2805) Stavanger 2015 1-0 (45)}) 9... Nbc6 10. a4 ({RR} 10. Rb1 a5 11. a3 Re8 12. b4 axb4 13. axb4 Nf5 14. Bg5 f6 15. Bd2 Be6 16. b5 Nce7 17. g4 Nd4 18. Nxd4 Qxd4 19. Bxb7 Bxg4 20. Bf3 Bxf3 21. Qxf3 Ra3 22. b6 c6 23. Ne4 Nf5 24. Bb4 Ra2 {Carlsen,M (2832)-Nakamura,H (2786) Chess.com INT 2018 1-0}) 10... h6 11. Bd2 $146 ({RR} 11. a5 a6 12. Be3 Nd4 13. Qd2 Kh7 14. Bxd4 exd4 15. Ne4 Nc6 16. b4 Rb8 17. Nc5 Qd6 18. Rab1 Na7 19. Qe2 b6 20. axb6 cxb6 21. Ne4 Qc7 22. h4 Kh8 23. Qd1 Nb5 24. Qc1 Bb7 25. Ned2 Nc3 {Amin,B (2710)-Zubov,A (2597) St Petersburg 2018 0-1 (52)}) ({RR} 11. a5 a6 12. Be3 Kh7 13. Bc5 Re8 14. Ra4 Nf5 15. Ne4 b6 16. axb6 cxb6 17. Be3 Nxe3 18. Rxe3 Bb7 19. Nc3 b5 20. Ra1 f5 21. Nd2 Qd6 22. h4 h5 23. Nf3 Bh6 24. Ng5+ Kg7 25. Qb1 Rad8 {Nasybullina,A (2002)-Urazayev,A (2436) Aktobe KAZ 2023 0-1 (50)}) 11... Bg4 12. h3 Be6 13. Rb1 a5 14. Nb5 Qd7 15. Kh2 g5 16. Bc3 Ng6 17. d4 e4 18. Rxe4 Rad8 19. Re1 Bd5 20. Ne5 Qf5 21. Qe2 Bxg2 22. Kxg2 Rfe8 23. Qf3 Qxf3+ 24. Nxf3 Rxe1 25. Rxe1 Rc8 26. Rd1 Nge7 27. d5 Nb4 28. Bxg7 Kxg7 29. c4 c6 30. Nd6 Rb8 31. Re1 Ng6 32. Nf5+ Kf6 33. Nxh6 cxd5 34. cxd5 Nxd5 35. Ng4+ Kg7 36. Nxg5 b5 37. axb5 Rxb5 38. Rd1 Nb6 39. h4 Rxb2 40. h5 Ne7 41. h6+ Kg6 42. h7 Kg7 43. Rd8 Ng6 44. Rg8# 1-0

[Event "Beijing Sportaccord blitz (Women)"]
[Site "Beijing"]
[Date "2014.12.13"]
[Round "2"]
[White "Harika, Dronavalli"]
[Black "Cramling, Pia"]
[Result "1-0"]
[WhiteElo "2505"]
[BlackElo "2518"]
[PlyCount "91"]
[EventDate "2014.12.13"]
[EventType "tourn (blitz)"]
[EventRounds "30"]
[EventCountry "CHN"]
[EventCategory "12"]
[SourceTitle "CBM 163 Extra"]
[Source "ChessBase"]
[SourceDate "2014.12.23"]
[SourceVersion "1"]
[SourceVersionDate "2014.12.23"]
[SourceQuality "1"]

1. Nf3 d5 2. c4 dxc4 3. e3 b5 4. a4 b4 ({RR} 4... c6 5. axb5 cxb5 6. b3 a5 7. bxc4 b4 8. d4 Bb7 9. Bd3 Nf6 10. O-O e6 11. Qc2 Be7 12. e4 Nc6 13. d5 exd5 14. exd5 Nb8 15. Re1 O-O 16. Bb2 Na6 17. Nbd2 Nc5 18. Bxf6 Bxf6 19. Bxh7+ {San Thit Lwin (2242)-Kurmangaliyeva,L (2240) chess.com INT 2024 0-1 (34)}) 5. Bxc4 e6 6. O-O Nf6 7. d3 $146 ({RR} 7. Qe2 Bb7 8. Rd1 Be7 {1-0 (8) Landgren,P (2243)-Westerberg,J (2432) Norrkoeping 2015}) ({RR} 7. b3 Be7 8. Bb2 O-O 9. d4 Nbd7 10. Nbd2 c5 11. Qe2 a6 12. Rfd1 Bb7 13. Rac1 Qb8 14. Bd3 cxd4 15. Nxd4 Nc5 16. Bb1 Rd8 17. h3 Qa7 18. e4 Rac8 19. e5 Nd5 20. Qh5 g6 21. Qg4 Qb8 {Frisk,E (2302)-Percivaldi,M (2327) Borup 2014 1-0}) 7... Nbd7 8. a5 a6 9. Nbd2 Bb7 10. e4 Be7 11. Nb3 O-O 12. h3 c5 13. Be3 Rc8 14. Qe2 Qc7 15. Rfd1 Qb8 16. Nbd2 Rfe8 17. Bb3 Bc6 18. Nc4 Bb5 19. Nfd2 Ne5 20. Nxe5 Qxe5 21. Nc4 Qb8 22. f4 Rcd8 23. Rf1 Bf8 24. Rad1 Qc7 25. Qc2 Nd7 26. f5 exf5 27. Rxf5 g6 28. Rf2 Bxc4 29. Bxc4 Ne5 30. Bf4 Rd7 31. Rdf1 Kh8 32. Bxe5+ Qxe5 33. Rxf7 Rxf7 34. Rxf7 Bd6 35. Qf2 Qh2+ 36. Kf1 Qe5 37. Qf6+ Qxf6+ 38. Rxf6 Rf8 39. Rxf8+ Bxf8 40. Bxa6 Bg7 41. Bc4 Be5 42. a6 Bb8 43. e5 Kg7 44. Ke2 Kf8 45. Kf3 Ke7 46. Ke4 1-0